Power electronics (Record no. 10252)
[ view plain ]
| 000 -LEADER | |
|---|---|
| fixed length control field | 00639nam a2200193Ia 4500 |
| 003 - CONTROL NUMBER IDENTIFIER | |
| control field | IN-BaIIA |
| 008 - FIXED-LENGTH DATA ELEMENTS--GENERAL INFORMATION | |
| fixed length control field | 211028s9999 xx 000 0 eng d |
| 020 ## - INTERNATIONAL STANDARD BOOK NUMBER | |
| International Standard Book Number | 0-471-50537-4 |
| 040 ## - CATALOGING SOURCE | |
| Transcribing agency | IIA Library |
| 080 ## - UNIVERSAL DECIMAL CLASSIFICATION NUMBER | |
| Universal Decimal Classification number | 621-314.222 |
| Item number | MOH |
| 100 ## - MAIN ENTRY--PERSONAL NAME | |
| Personal name | Mohan, Ned |
| 9 (RLIN) | 17431 |
| 245 #0 - TITLE STATEMENT | |
| Title | Power electronics |
| Remainder of title | converters, applications and design |
| Statement of responsibility, etc. | Ned Mohan, Tore M. Undeland and William P. Robbins |
| 260 ## - PUBLICATION, DISTRIBUTION, ETC. | |
| Place of publication, distribution, etc. | New York |
| Name of publisher, distributor, etc. | John Wiley & Sons |
| Date of publication, distribution, etc. | 1989 |
| 300 ## - PHYSICAL DESCRIPTION | |
| Extent | xviii, 667p. |
| 650 ## - SUBJECT ADDED ENTRY--TOPICAL TERM | |
| Topical term or geographic name entry element | NASA thesaurus |
| 700 ## - ADDED ENTRY--PERSONAL NAME | |
| Personal name | Robbins, William P. |
| 9 (RLIN) | 17432 |
| 700 ## - ADDED ENTRY--PERSONAL NAME | |
| Personal name | Undeland, Tore M. |
| 9 (RLIN) | 17433 |
| 942 ## - ADDED ENTRY ELEMENTS (KOHA) | |
| Koha item type | Books |
| Withdrawn status | Lost status | Damaged status | Not for loan | Home library | Current library | Shelving location | Date acquired | Cost, normal purchase price | Total Checkouts | Full call number | Barcode | Date last seen | Cost, replacement price | Price effective from | Koha item type | Purchase Price |
|---|---|---|---|---|---|---|---|---|---|---|---|---|---|---|---|---|
| IIA Library-Bangalore | IIA Library-Bangalore | General Stacks | 20/12/1991 | 394.70 | 621-314.222/ MOH | 11162 | 05/11/2021 | 394.70 | 20/12/1991 | Books | Rs. 394.70 |